000 00598nam a2200229Ia 4500
003 OSt
005 20221005123938.0
006 a|||||r|||| 00| 0
007 ta
008 221004b |||||||| |||| 00| 0 mal d
024 _a54342
037 _cTextual
040 _aCRL
_cCRL
_bmal
041 _2mal
_amal
082 _aO32,1wM62, L6.1-.2
100 _aKrishnayyar
_9634486
245 0 _aManmaranja bhasha kairkal
260 _c1976
650 _aMALAYALAM LITERATURE
_938866
942 _hO32,1wM62, L6.1-.2
_cTEXL
_2cc
999 _c1049023
_d1049023